ბათუმის შოთა რუსთაველის სახელმწიფო უნივერსიტეტის ბიბლიოთეკა

ადამიანი და დელფინი (ბიბ.ჩანაწერი № 44503)

000 -LEADER
fixed length control field 00673nam a2200181Ia 4500
001 - CONTROL NUMBER
control field 11301
003 - CONTROL NUMBER IDENTIFIER
control field GE_BSU
008 - FIXED-LENGTH DATA ELEMENTS--GENERAL INFORMATION
fixed length control field 181216s||||||||xx |||||||||||||| ||und||
040 ## - CATALOGING SOURCE
Transcribing agency GE_BSU
080 ## - UNIVERSAL DECIMAL CLASSIFICATION NUMBER
Universal Decimal Classification number 599.537
100 ## - MAIN ENTRY--PERSONAL NAME
Personal name ლილი ჯონ
245 ## - TITLE STATEMENT
Title ადამიანი და დელფინი
245 ## - TITLE STATEMENT
Statement of responsibility, etc. რედ: ნუკრი ასათიანი, მხატვ. გურამ ღლონტი, მთარგმ. ქეთევან შარაშენიძე
300 ## - PHYSICAL DESCRIPTION
Extent 226 გვ. 17სმ.
300 ## - PHYSICAL DESCRIPTION
Accompanying material დანართი გვ. 183
653 ## - INDEX TERM--UNCONTROLLED
Uncontrolled term ადამიანი და დელფინი
942 ## - ADDED ENTRY ELEMENTS (KOHA)
Koha item type წიგნი
ეგზემპლარები
Withdrawn status Lost status Damaged status Not for loan Date acquired Barcode Date last seen Price effective from Koha item type
        2018-12-17 19704 2018-12-17 2018-12-17 წიგნი